'Golden Globes' by First Letters Quiz Stats

 Plays Quiz not verified by Sporcle

Support Sporcle.
Go Orange.
Score 0/12 Timer 00:30
0 Plays Today
% Correct
G
98.9%
E
98.7%
O
98.7%
N
97.8%
G
96.9%
O
96.9%
E
96.7%
S
96.7%
L
95.6%
B
93.9%
D
89.3%
L
89%

You're not logged in!

Compare scores with friends on all Sporcle quizzes.
OR
Log In
Forgot?

From the Vault

Three Movies: 'F' Actors

by aquascape

These actors all get an 'F' in the last name department.
Remove Ads.
Support Sporcle.
Get the best of Sporcle when you Go Orange. This ad-free experience offers more features, more stats, and more fun while also helping to support Sporcle. Thank you for becoming a member.

Show Comments

Extras

Top Quizzes Today


Score Distribution

Your Account Isn't Verified!

In order to create a playlist on Sporcle, you need to verify the email address you used during registration. Go to your Sporcle Settings to finish the process.

Report this User

Report this user for behavior that violates our Community Guidelines.

Details: